000 00559nam a2200169Ia 4500
008 090711s9999 xx 000 0 und d
082 _b66019
100 _aकर्णिक रमेश
245 _a"रत्निSाकित्सा (भाग 2, 3)"
260 _c1989
300 _a48+23
600 _aकर्णिक रमेश
630 _a"रत्निSाकित्सा (भाग 2, 3)"
700 _aकर्णिक रमेश
730 _a"रत्निSाकित्सा (भाग 2, 3)"
942 _cBOOK
999 _c308098
_d308098